00333cam a22000977a 4500008004000000082001700040245008300057260005000140300000900190700003600199180718b1956 xxu||||| |||| 00| 0 eng d aT1120651 Un3 aNational income statistics: sources and methodscby Central Statistical Office aLondonbHer Majesty's Stationery Officec1956 a387p aU.K. Central Statistical Office